000 00609nam a22002177a 4500
003 UA-OsUOA
001 57581
007 ta
008 20081225b un ||||| |||| 00| 0 ukr d
100 _aСтавицький А.В.
090 _a330
_bС-12
942 _cSA
040 _aUA-OsUOA
_bukr
_cUA-OsUOA
_dUA-OsUOA
245 _aМоделювання циклічності світової економіки
300 _aС.94-103
955 _a0
041 _aukr
080 _a330
773 0 _w57580
_tФінанси України
_dК.
_d2008
_g9
650 7 _a330 Економіка взагалі
_2UDC
999 _c343663
_d343663